[Event "Arnhem Euwe Stimulans-A"]
[Site "Arnhem"]
[Date "2007.08.21"]
[Round "5"]
[White "Wang, Puchen"]
[Black "Olafsson, Fridrik"]
[Result "1/2-1/2"]
[WhiteElo "2348"]
[BlackElo "2452"]
[PlyCount "73"]
[EventDate "2007.08.17"]
[EventType "tourn"]
[EventRounds "9"]
[EventCountry "NED"]
[EventCategory "7"]
[SourceTitle "CBM 119 Extra"]
[Source "ChessBase"]
[SourceDate "2007.09.04"]
[SourceVersion "1"]
[SourceVersionDate "2007.09.04"]
[SourceQuality "1"]

1. e4 c5 2. Nc3 e6 3. g3 d5 4. exd5 exd5 5. d4 cxd4 6. Qxd4 Nf6 7. Bg5 Be7 8. Bb5+ Nc6 9. Bxf6 Bxf6 10. Qc5 Bxc3+ 11. bxc3 Qe7+ 12. Qxe7+ Kxe7 13. 0-0-0 Be6 14. Ne2 Rhd8 15. Rhe1 Kf6 16. Nf4 g6 17. Bf1 g5 18. Nxe6 fxe6 19. f4 gxf4 20. gxf4 Ne7 21. Bh3 Rd6 22. Rd3 Rc8 23. Kd2 Rc4 24. Rde3 Rcc6 25. Bg4 Ng6 26. Rf1 Rc4 27. Bxe6 Rxe6 28. Rxe6+ Kxe6 29. f5+ Ke7 30. fxg6 hxg6 31. Rb1 b6 32. Rb4 Ke6 33. Rxc4 dxc4 34. Ke3 Ke5 35. Kf3 Kf5 36. h3 Kg5 37. Kg3 1/2-1/2

[Event "Arnhem Euwe Stimulans-A"]
[Site "Arnhem"]
[Date "2007.08.20"]
[Round "4"]
[White "Olafsson, Fridrik"]
[Black "Barua, Dibyendu"]
[Result "0-1"]
[WhiteElo "2452"]
[BlackElo "2462"]
[PlyCount "52"]
[EventDate "2007.08.17"]
[EventType "tourn"]
[EventRounds "9"]
[EventCountry "NED"]
[EventCategory "7"]
[SourceTitle "CBM 119 Extra"]
[Source "ChessBase"]
[SourceDate "2007.09.04"]
[SourceVersion "1"]
[SourceVersionDate "2007.09.04"]
[SourceQuality "1"]

1. d4 e6 2. c4 d5 3. Nc3 Nf6 4. Nf3 c6 5. e3 Nbd7 6. Bd3 Bd6 7. e4 dxe4 8. Nxe4 Nxe4 9. Bxe4 0-0 10. 0-0 h6 11. Bc2 e5 12. Re1 Bb4 13. Re2 exd4 14. Qxd4 Nf6 15. Qh4 Nh7 16. Qg3 Bd6 17. Ne5 Qf6 18. Bf4 Rd8 19. h4 Nf8 20. Rae1 Ne6 21. Bc1 Nd4 22. Bg5 hxg5 23. hxg5 Qe6 24. Qh4 Nxe2+ 25. Rxe2 Bxe5 26. Qh7+ Kf8 0-1

[Event "Arnhem Euwe Stimulans-A"]
[Site "Arnhem"]
[Date "2007.08.18"]
[Round "2"]
[White "Olafsson, Fridrik"]
[Black "Muhren, Bianca"]
[Result "1/2-1/2"]
[WhiteElo "2452"]
[BlackElo "2334"]
[PlyCount "55"]
[EventDate "2007.08.17"]
[EventType "tourn"]
[EventRounds "9"]
[EventCountry "NED"]
[EventCategory "7"]
[SourceTitle "CBM 119 Extra"]
[Source "ChessBase"]
[SourceDate "2007.09.04"]
[SourceVersion "1"]
[SourceVersionDate "2007.09.04"]
[SourceQuality "1"]

1. e4 c5 2. Nf3 d6 3. d4 cxd4 4. Nxd4 Nf6 5. Nc3 a6 6. a4 e6 7. Be2 Be7 8. 0-0 0-0 9. f4 Nc6 10. Be3 Qc7 11. Kh1 Re8 12. Qe1 Nxd4 13. Bxd4 e5 14. Be3 exf4 15. Rxf4 Be6 16. Qg3 Nd7 17. Bd4 Ne5 18. Raf1 Rac8 19. Bd3 Bf8 20. Nd5 Bxd5 21. exd5 g6 22. Bf5 Rb8 23. c3 Bg7 24. Bc2 b5 25. b4 Qb7 26. Qf2 Re7 27. h3 Rbe8 28. axb5 1/2-1/2